LEADER 02059nam0 22004213i 450 001 VAN00271663 005 20251118124127.924 017 70$2N$a9783031273209 100 $a20240212d2023 |0itac50 ba 101 $aeng 102 $aCH 105 $a|||| ||||| 181 $ai$b e 182 $ab 183 $acr 200 1 $aEdiacaran-Paleozoic Rock Units of Egypt$eTheir Correlation with Adjacent Countries and Their Depositional Environments$fMohamed Abdel Ghany Khalifa 210 $aCham$cSpringer$d2023 215 $aXVIII, 209 p.$c1 b/w illustrations, 112 illustrations in colour$d24 cm 410 1$1001VAN00239450$12001 $aEarth and Environmental Sciences Library$1210 $aCham$cSpringer$d2021- 620 $aCH$dCham$3VANL001889 676 $a550$cScienze della terra e geologia - Geofisica$v22 676 $a552.5$cSedimentologia. Rocce sedimentarie$v22 676 $a551$cGeologia, idrogeologia, meteorologia$v22 676 $a526$cCartografia - Geodesia$v22 700 1$aKhalifa$bMohamed A. G.$3VANV223327$01589168 712 $aSpringer $3VANV108073$4650 790 1$aKhalifa, Mohamed Abdel Ghany$zKhalifa, Mohamed A. G.$3VANV223328 790 1$aKhalifa, Mohamed A.G.$zKhalifa, Mohamed A. G.$3VANV223329 790 1$aKhalifa, M. A. G.$zKhalifa, Mohamed A. G.$3VANV223330 790 1$aKhalifa, M.A.G.$zKhalifa, Mohamed A. G.$3VANV223331 801 $aIT$bSOL$c20251121$gRICA 856 4 $uhttps://link.springer.com/openurl?genre=book&isbn=978-3-031-27320-9$zE-book - Accesso al full-text attraverso riconoscimento IP di Ateneo, proxy e/o Shibboleth 899 $aBIBLIOTECA DEL DIPARTIMENTO DI SCIENZE E TECNOLOGIE AMBIENTALI BIOLOGICHE E FARMACEUTICHE$1IT-CE0101$2VAN17 912 $fN 912 $aVAN00271663 950 $aBIBLIOTECA DEL DIPARTIMENTO DI SCIENZE E TECNOLOGIE AMBIENTALI BIOLOGICHE E FARMACEUTICHE$d17CONS e-book 2310 $e17BIB2310/289 289 20240212 996 $aEdiacaran-Paleozoic Rock Units of Egypt$93883800 997 $aUNICAMPANIA